000 00509nam a2200121Ia 4500
008 160712s9999 xx 000 0 und d
100 _aAlampay, Erwin Gaspar.
245 _cErwin Gaspar Alampay
_aMigration and New Media: Transnational Families and Polymedia by Mirca Madianou and Daniel Miller (Routledge, 2012)
260 _c2012
_bSocial Science Diliman
300 _avol. 8 no. 1
650 _xMASS COMMUNICATION
856 _uhttp://journals.upd.edu.ph/index.php/socialsciencediliman/issue/view/346/showToc
999 _c297458
_d297458